000 00642nam a2200193Ii 4500
003 JO-AjNU
008 230605s9999||||xx |||||||||||||| ||und||
040 _aJO-AjNU
_bara
_erda
_cJO-AjNU
041 _aara
050 1 4 _aJF56.O872.1985
100 3 _aدرة ، عبد الباري,
_eauthor
_913757
245 0 0 _aتقنيات إداراية حديثة المنهجية ، ونماذج منتقاة
250 _aط1
264 3 1 _aبيروت : دار الجيل / عمان : مكتبة المحتسب ،1985
300 _a233ص
336 _atext
_btxt
_2rdacontent
337 _aunmediated
_bn
_2rdamedia
338 _avolume
_bnc
_2rdacarrier
999 _aA3507
_c7075
_d7075